000 00428nam a2200169 a 4500
001 0000-9111
003 ELIB.Books
008 110520 1999
035 _a(ELIB.Books)0000-9260
082 _a253
_bMar
100 _aMarshall, Tom
245 _aUnderstanding Leadership
260 _b
_c/New Zealand/ Lwader Pioneer Team/ 1999
650 _aLeadership
942 _2ddc
_cBK
998 _cbat
_e2011-05-20
999 _c9111
_d9111